Nový slovenský jazyk 4 : pre stredné školy : zošit pre učiteľa /
Uložené v:
| Hlavní autori: | , , , , |
|---|---|
| Médium: | Kniha |
| Jazyk: | Slovak |
| Vydané: |
Bratislava :
Orbis Pictus Istropolitana,
2023.
|
| Témy: | |
| ISBN: |
9788081209642 |
| Fyzický popis: |
88 strán ; 30 cm. |
| Tagy: |
Pridať tag
Žiadne tagy, Buďte prvý kto otaguje tento záznam!
|
Titul je dostupný aj v ... 

MARC
| LEADER | 00000nam a2200000 i 4500 | ||
|---|---|---|---|
| 001 | 000705248 | ||
| 005 | 20240123120111.0 | ||
| 008 | 231121s2023 xo g p 000 0 slo d | ||
| 020 | |a 9788081209642 |q (brožované) | ||
| 040 | |a SVKKK |b slo |c SVKKK |e rda | ||
| 041 | 0 | |a slo | |
| 044 | |a xo |c SK | ||
| 072 | 7 | |a 811.162.4 |x Slovenčina |2 konspekt | |
| 072 | 7 | |a 37.016 |x Učebné osnovy. Vyučovacie predmety. Učebnice |2 konspekt | |
| 080 | |a 811.162.4 |2 2011 | ||
| 080 | |a 316.77 |2 2011 | ||
| 080 | |a (075.3) |2 2011 | ||
| 080 | |a (072) |2 2011 | ||
| 100 | 1 | |a Caltíková, Milada |4 aut | |
| 245 | 1 | 0 | |a Nový slovenský jazyk 4 : |b pre stredné školy : zošit pre učiteľa / |c Milada Caltíková, Ľubomír Lábaj, Zuzana Lauková, Alena Polakovičová, Ľubica Štarková. |
| 264 | 1 | |a Bratislava : |b Orbis Pictus Istropolitana, |c 2023. | |
| 300 | |a 88 strán ; |c 30 cm. | ||
| 336 | |a text |b txt |2 rdacontent | ||
| 337 | |a bez média |b n |2 rdamedia | ||
| 338 | |a zväzok |b nc |2 rdacarrier | ||
| 504 | |a Obsahuje bibliografiu | ||
| 650 | 0 | 7 | |a slovenčina |2 SVKKKPH |
| 650 | 0 | 7 | |a komunikácia |2 SVKKKPH |
| 650 | 0 | 7 | |a Slovak language |2 SVKKKPHeng |
| 650 | 0 | 7 | |a human communication |2 SVKKKPHeng |
| 655 | 7 | |a učebnice stredných škôl |2 SVKKKPH | |
| 655 | 7 | |a metodické príručky |2 SVKKKPH | |
| 655 | 7 | |a textbooks (secondary) |2 SVKKKPHeng | |
| 655 | 7 | |a methodological manuals |2 SVKKKPHeng | |
| 700 | 1 | |a Lábaj, Ľubomír |4 aut | |
| 700 | 1 | |a Lauková, Zuzana |4 aut | |
| 700 | 1 | |a Polakovičová, Alena |4 aut | |
| 700 | 1 | |a Štarková, Ľubica |4 aut | |
| 910 | |a svkkk | ||
| 919 | |a 978-80-8120-964-2 | ||
| 998 | |a BK | ||
| 090 | |g SCKHL |k Sklad Hlavná 10 prízemie |a V.243677 |j 1126453 |i 2721033458 |s Povinný výt. | ||